Normal view
MARC view
- Rico Díaz, Diana
Entry Nombre Personal
001 - NUMERO DE CONTROL
- campo de control: 47559
003 - IDENTIFICADOR DE NUMERO DE CONTROL
- campo de control: UPN
005 - FECHA Y HORA DE LA ÜLTIMA TRANSACCIÓN
- campo de control: 20230111121139.0
008 - DATOS DE LONGITUD FIJA
- campo de control de longitud fija: 221207|| aca||aabn | a|a d
024 ## - OTROS IDENTIFICADORES NORMALIZADOS
- Fuente: orcid
- Número normalizado o código: 0000-0002-7056-0084
040 ## - FUENTE DE CATALOGACIÓN
- Agencia original de catalogación: MX-MxUPN
100 1# - ENCABEZAMIENTO - NOMBRE PERSONAL
- Nombre personal: Rico Díaz, Diana
370 ## - LUGAR ASOCIADO
- Place of birth: Colombia
371 ## - DIRECCIÓN
- Electronic mail address: dianaricod@gmail.com
372 ## - CAMPO DE ACTIVIDAD
- Field of activity: Psicología Educativa
- Field of activity: Pedagogía, educación sexual, asesoría familiar y gestión de programas para la familia
- Field of activity: Profesora universitaria
373 ## - GRUPO ASOCIADO
- Associated group: Universidad Católica de Colombia
374 ## - OCUPACIÓN
- Occupation: Psicóloga
- Occupation: Docencia
375 ## - GÉNERO
- Gender: femenino
377 ## - LENGUA ASOCIADA
- Language code: spa
670 ## - FUENTE EN LA QUE SE LOCALIZARON DATOS
- Cita de la fuente: En recurso en línea Academia y virtualidad, Vol. 12, no. 2 (2019):
- Información localizada: página 95 (Diana Rico Díaz)
- Uniform Resource Identifier: https://revistas.unimilitar.edu.co/index.php/ravi/article/view/4338/3628
902 ## - CATALOGADOR
- Catalogador: RGJD/071222
